000 00403nam a2200145Ia 4500
008 230917s9999||||xx |||||||||||||| ||und||
040 _e36567
_aMAIN
041 _aEnglish
082 _a954.01 C495F
100 _aCipolla,Carlo M
245 0 _aFaith, reason, and the plague: a Tuscan story of seventeenth century
260 _aGreat Britain
_bHarvester Press
_c1979
300 _a113 p.
942 _cBK
999 _c211821
_d211821